| 000 | 00594nam a2200193Ia 4500 | ||
|---|---|---|---|
| 003 | GCL | ||
| 008 | 140319s9999 xx 000 0 eng d | ||
| 040 |
_aGCL / _cGCL |
||
| 082 | 0 | 4 |
_a322.156 _bH I |
| 100 | 1 | _aHALLIDAY, FRED | |
| 245 | 1 | 0 |
_aISLAM AND THE MYTH OF CONFRONTATION: RELIGION AND POLITICS IN THE MIDDLE EAST / _cHALLIDAY, FRED |
| 260 |
_a[S.N] : _bI.B. TAURIS & CO LTD ، _c1995 |
||
| 300 | _a255 P | ||
| 650 | 0 | 4 | _aINTERNATIONAL RELATIONS |
| 650 | 0 | 4 | _aPOLITICAL AND RELIGION |
| 650 | 0 | 4 | _aPOLITICAL AND RELIGION - MIDDLE EAST |
| 650 | 0 | 4 | _aISLAMIC MOVEMENTS |
| 942 |
_2ddc _cBK |
||
| 999 |
_c14894 _d14894 |
||